|
|
แสดงรายละเอียดบรรณานุกรม |
|
|
Brief Record
: Get Marc (ISO 2709)
: E-mail record
: |
| LEADER 00000nama 2200000uu 4500 | |||
| 008 040531s2540 th m m a000 0 tha d | |||
| 041 tha | |||
| 050 WS113 ก351ค | |||
| 100 กองวัณโรค | |||
| 245 คู่มือดูแลสุขภาพเด็กวัยก่อนเรียนสำหรับผู้เลี้ยงดูเด็ก 001 | |||
| 246 เด็ก - การเลี้ยงดู | |||
| 260 นนทบุรี กองวัณโรค 2540 | |||
| 300 86 หน้า | |||
| 650 เด็ก - สุขวิทยาและการดูแล | |||
| 998 1998-03-24 | |||
| คุณยังไม่ได้ล็อกอิน คุณสามารถมีกิจกรรมร่วมกับเว็บไซต์ได้ แต่ต้องล็อกอินก่อน :: |
|
| สถานะ | |||||||||
| 1. | หนังสือทั่วไป | WS113 ก351ค 2540 | On Shelf ขอยืม | ||||||
| [แสดง 1/1 รายการ] | |||||||||
BibComment |
| คอมเมนท์ทรัพยากรรายการนี้ |
|
|